000 00734nam a2200241Ia 4500
003 OSt
005 20220923221901.0
006 a|||||r|||| 00| 0
007 ta
008 220922b |||||||| |||| 00| 0 per d
024 _a200,835
037 _cTextual
040 _aARTS
_cARTS
_bper
041 _2per
_aper
082 _aO164,3xJ, 152N0
100 _aजाहिद अली
245 0 _aईरान की विशिष्ट कथाएं
246 _aĪrān kī vishiṣhṭa kathāean
260 _aदिल्ली
_b पराग प्रकाशन
_c1990
300 _a155पृ0
_ccm.
942 _hO164,3xJ, 152N0
_cTEXL
_2CC
999 _c352498
_d352498